<?xml version="1.0" encoding="UTF-8"?>
<record
    xmlns:xsi="http://www.w3.org/2001/XMLSchema-instance"
    xsi:schemaLocation="http://www.loc.gov/MARC21/slim http://www.loc.gov/standards/marcxml/schema/MARC21slim.xsd"
    xmlns="http://www.loc.gov/MARC21/slim">

  <leader>00423nam a2200157Ia 4500</leader>
  <controlfield tag="005">20241217151700.0</controlfield>
  <controlfield tag="008">231217s9999    xx            000 0 und d</controlfield>
  <datafield tag="020" ind1=" " ind2=" ">
    <subfield code="a">9788120341388</subfield>
  </datafield>
  <datafield tag="082" ind1=" " ind2=" ">
    <subfield code="a">001.642  BHA;15</subfield>
  </datafield>
  <datafield tag="100" ind1=" " ind2=" ">
    <subfield code="a">Bhatt, Pramod Chandra P.</subfield>
  </datafield>
  <datafield tag="245" ind1=" " ind2="0">
    <subfield code="a">Introduction to operating systems : concepts and practice</subfield>
  </datafield>
  <datafield tag="250" ind1=" " ind2=" ">
    <subfield code="a">3rd ed.</subfield>
  </datafield>
  <datafield tag="260" ind1=" " ind2=" ">
    <subfield code="c">2010</subfield>
    <subfield code="b">PHI</subfield>
    <subfield code="a">New Delhi</subfield>
  </datafield>
  <datafield tag="300" ind1=" " ind2=" ">
    <subfield code="a">xxiii, 800</subfield>
  </datafield>
  <datafield tag="942" ind1=" " ind2=" ">
    <subfield code="c">AA</subfield>
  </datafield>
  <datafield tag="999" ind1=" " ind2=" ">
    <subfield code="c">193191</subfield>
    <subfield code="d">193191</subfield>
  </datafield>
  <datafield tag="952" ind1=" " ind2=" ">
    <subfield code="r">2024-01-26 00:00:00</subfield>
    <subfield code="l">0</subfield>
    <subfield code="o">001.642  BHA;15</subfield>
    <subfield code="p">80026</subfield>
    <subfield code="W">25</subfield>
    <subfield code="v">281.25</subfield>
    <subfield code="w">2024-01-26</subfield>
    <subfield code="y">AA</subfield>
    <subfield code="1">0</subfield>
    <subfield code="4">0</subfield>
    <subfield code="7">0</subfield>
    <subfield code="8">IS</subfield>
    <subfield code="0">0</subfield>
    <subfield code="K">66762</subfield>
    <subfield code="L">15/02/2017</subfield>
    <subfield code="a">ML</subfield>
    <subfield code="b">ML</subfield>
    <subfield code="c">CL</subfield>
    <subfield code="d">2011-11-22</subfield>
    <subfield code="e">Book Paradise</subfield>
    <subfield code="g">375.00</subfield>
    <subfield code="E">IS/PG</subfield>
    <subfield code="G">RS</subfield>
    <subfield code="F">1</subfield>
    <subfield code="V">93.75</subfield>
    <subfield code="U">Rupees</subfield>
  </datafield>
  <datafield tag="952" ind1=" " ind2=" ">
    <subfield code="r">2024-01-26 00:00:00</subfield>
    <subfield code="l">0</subfield>
    <subfield code="o">001.642  BHA;16</subfield>
    <subfield code="p">80027</subfield>
    <subfield code="W">25</subfield>
    <subfield code="v">281.25</subfield>
    <subfield code="w">2024-01-26</subfield>
    <subfield code="y">AA</subfield>
    <subfield code="1">0</subfield>
    <subfield code="4">0</subfield>
    <subfield code="7">0</subfield>
    <subfield code="8">IS</subfield>
    <subfield code="0">0</subfield>
    <subfield code="K">66762</subfield>
    <subfield code="L">03/02/2017</subfield>
    <subfield code="a">ML</subfield>
    <subfield code="b">ML</subfield>
    <subfield code="c">IS</subfield>
    <subfield code="d">2011-11-22</subfield>
    <subfield code="e">Book Paradise</subfield>
    <subfield code="g">375.00</subfield>
    <subfield code="E">IS/PG</subfield>
    <subfield code="G">RS</subfield>
    <subfield code="F">1</subfield>
    <subfield code="V">93.75</subfield>
    <subfield code="U">Rupees</subfield>
  </datafield>
  <datafield tag="952" ind1=" " ind2=" ">
    <subfield code="r">2024-01-26 00:00:00</subfield>
    <subfield code="l">0</subfield>
    <subfield code="o">001.642  BHA;17</subfield>
    <subfield code="p">80028</subfield>
    <subfield code="W">25</subfield>
    <subfield code="v">281.25</subfield>
    <subfield code="w">2024-01-26</subfield>
    <subfield code="y">AA</subfield>
    <subfield code="1">0</subfield>
    <subfield code="4">0</subfield>
    <subfield code="7">0</subfield>
    <subfield code="8">IS</subfield>
    <subfield code="0">0</subfield>
    <subfield code="K">66762</subfield>
    <subfield code="L">20/12/2016</subfield>
    <subfield code="a">ML</subfield>
    <subfield code="b">ML</subfield>
    <subfield code="c">IS</subfield>
    <subfield code="d">2011-11-22</subfield>
    <subfield code="e">Book Paradise</subfield>
    <subfield code="g">375.00</subfield>
    <subfield code="E">IS/PG</subfield>
    <subfield code="G">RS</subfield>
    <subfield code="F">1</subfield>
    <subfield code="V">93.75</subfield>
    <subfield code="U">Rupees</subfield>
  </datafield>
  <datafield tag="952" ind1=" " ind2=" ">
    <subfield code="r">2024-01-26 00:00:00</subfield>
    <subfield code="l">0</subfield>
    <subfield code="o">001.642  BHA;18</subfield>
    <subfield code="p">84015</subfield>
    <subfield code="W">29</subfield>
    <subfield code="v">266.25</subfield>
    <subfield code="w">2024-01-26</subfield>
    <subfield code="y">AA</subfield>
    <subfield code="1">0</subfield>
    <subfield code="4">0</subfield>
    <subfield code="7">0</subfield>
    <subfield code="8">MCA</subfield>
    <subfield code="0">0</subfield>
    <subfield code="K">71711</subfield>
    <subfield code="L">31/12/2018</subfield>
    <subfield code="a">ML</subfield>
    <subfield code="b">ML</subfield>
    <subfield code="c">MCA</subfield>
    <subfield code="d">2013-02-08</subfield>
    <subfield code="e">Book Paradise</subfield>
    <subfield code="g">375.00</subfield>
    <subfield code="E">MCA</subfield>
    <subfield code="G">RS</subfield>
    <subfield code="F">1</subfield>
    <subfield code="V">108.75</subfield>
    <subfield code="U">Rupees</subfield>
  </datafield>
  <datafield tag="952" ind1=" " ind2=" ">
    <subfield code="r">2024-01-26 00:00:00</subfield>
    <subfield code="l">0</subfield>
    <subfield code="o">001.642  BHA;19</subfield>
    <subfield code="p">84016</subfield>
    <subfield code="W">29</subfield>
    <subfield code="v">266.25</subfield>
    <subfield code="w">2024-01-26</subfield>
    <subfield code="y">AA</subfield>
    <subfield code="1">0</subfield>
    <subfield code="4">0</subfield>
    <subfield code="7">0</subfield>
    <subfield code="8">CL</subfield>
    <subfield code="0">0</subfield>
    <subfield code="K">71711</subfield>
    <subfield code="L">31/12/2018</subfield>
    <subfield code="a">ML</subfield>
    <subfield code="b">ML</subfield>
    <subfield code="c">CL</subfield>
    <subfield code="d">2013-02-08</subfield>
    <subfield code="e">Book Paradise</subfield>
    <subfield code="g">375.00</subfield>
    <subfield code="E">MCA</subfield>
    <subfield code="G">RS</subfield>
    <subfield code="F">1</subfield>
    <subfield code="V">108.75</subfield>
    <subfield code="U">Rupees</subfield>
  </datafield>
  <datafield tag="952" ind1=" " ind2=" ">
    <subfield code="r">2024-01-26 00:00:00</subfield>
    <subfield code="l">0</subfield>
    <subfield code="o">001.642  BHA;20</subfield>
    <subfield code="p">84017</subfield>
    <subfield code="W">29</subfield>
    <subfield code="v">266.25</subfield>
    <subfield code="w">2024-01-26</subfield>
    <subfield code="y">AA</subfield>
    <subfield code="1">0</subfield>
    <subfield code="4">0</subfield>
    <subfield code="7">0</subfield>
    <subfield code="8">CL</subfield>
    <subfield code="0">0</subfield>
    <subfield code="K">71711</subfield>
    <subfield code="L">31/12/2018</subfield>
    <subfield code="a">ML</subfield>
    <subfield code="b">ML</subfield>
    <subfield code="c">CL</subfield>
    <subfield code="d">2013-02-08</subfield>
    <subfield code="e">Book Paradise</subfield>
    <subfield code="g">375.00</subfield>
    <subfield code="E">MCA</subfield>
    <subfield code="G">RS</subfield>
    <subfield code="F">1</subfield>
    <subfield code="V">108.75</subfield>
    <subfield code="U">Rupees</subfield>
  </datafield>
</record>
